000 00733nam a2200241Ia 4500
003 OSt
005 20220926025112.0
006 a|||||r|||| 00| 0
007 ta
008 220923b |||||||| |||| 00| 0 eng d
037 _cGeneral Book
040 _aRTL
_cRTL
_beng
041 _2eng
_aeng
082 _aX:(B286), N6
100 _aHatanaka Michio
_9331855
245 0 _aTime-series-based econometrics
_b Unit roots and co
260 _aOxford
_bOxford University Press
_c1996
300 _axi,294p Bib p 269-87 Appendix p 247-67
_ccm.
490 _aAdvanced Texts In Econometrics
650 _aEconomic Statistics
942 _hX:(B286), N6
_cGB
_2CC
999 _c646274
_d646274